Normal view
MARC view
Entry Personal Name
001 - CONTROL NUMBER
- control field: 256101
003 - CONTROL NUMBER IDENTIFIER
- control field: MY-SjTCS
005 - DATE AND TIME OF LATEST TRANSACTION
- control field: 20200306164905.0
008 - FIXED-LENGTH DATA ELEMENTS
- fixed length control field: 200306|| aca||aabn | a|a d
040 ## - CATALOGING SOURCE
- Original cataloging agency: MY-SjTCS
- Transcribing agency: MY-SjTCS
100 ## - HEADING--PERSONAL NAME
- Personal name: Shinder, Debra Littlejohn.
670 ## - SOURCE DATA FOUND
- Source citation: Work cat.: (MY-SjTCS)51438: Shinder, Thomas W. 256099, MCSA/MCSE exam 70-291 study guide and DVD training system, 2003.